• 首页
  • 本馆介绍
  • 公告通知
  • 最新文献
  • 馆藏检索
  • 电子资源
  • 读者导购
  • 参考咨询
  • 我的图书馆
  • 登录
  • 详细信息显示
  • 放入我的书架
  • 预约/预借图书
  • 作者相关作品
  • 分类相关作品
  • 丛书相关作品
  • 出版社相关作品

书目信息

  • 表格格式
  • 工作单格式
  • 卡片格式
题名:
脑力赋能
    
 
作者: 多布森 著 ;杨献军 译
分册:  
出版信息: 北京   中国友谊出版公司  2019
页数: 224页
开本: 20cm
丛书名:
单 册:
中图分类: R338.2-49
科图分类:
主题词: 大脑--da nao--机能--普及读物
电子资源:
ISBN: 978-7-5057-4803-3
000 01323cam 2200313 450
001 CAL 012019176203
005 20200104152726.6
010    @a978-7-5057-4803-3@dCNY42.00
099    @aCAL 012019176203
100    @a20191219d2019 ekmy0chiy0120 ea
101 1  @achi@ceng
102    @aCN@b110000
105    @aa a 000yy
106    @ar
200 1  @a脑力赋能@Anao li fu neng@f(英) 菲尔·多布森著@d= The Brain Book@fPhil Dobson@g杨献军译@zeng
210    @a北京@c中国友谊出版公司@d2019
215    @a224页@c图@d20cm
320    @a有书目 (第181-190页)
330    @a《脑力赋能》是一本根据我们对超级大脑的理解与研判来进行高效工作的指南。这本书探讨的是高效的6大关键领域:从大脑开始,探索高效的起点;帮助大脑释放能量, 为高效提供保障;启发创造力, 实现高效升级;运用大脑记忆力, 揭示高效的秘诀;提供大脑冥想, 找回最佳高效状态;释放大脑潜力,不断挖掘高效。本书将神经科学、行为心理学等领域的深刻见解转化为实用且易于学习的用脑技巧, 保证一看就会、拿来即用, 轻松实现脑力赋能!
333    @a大众读者
500 10 @aBrain Book@mChinese
606 0  @a大脑@Ada nao@x机能@x普及读物
690    @aR338.2-49@v5
701  1 @a多布森@Aduo bu sen@g(Dobson, Phil)@4著
702  0 @a杨献军@Ayang xian jun@4译
801  0 @aCN@bCCAU@c20191219
801  2 @aCN@bPUL@c20200104
801  0 @aCN@bBJXHZP@c20230228
905    @b1402730-3@dR338.2@e370@f4
    
    脑力赋能/(英) 菲尔·多布森著= The Brain Book/Phil Dobson/杨献军译.-北京:中国友谊出版公司,2019
    224页:图;20cm
    使用对象:大众读者
    
    ISBN 978-7-5057-4803-3:CNY42.00
    《脑力赋能》是一本根据我们对超级大脑的理解与研判来进行高效工作的指南。这本书探讨的是高效的6大关键领域:从大脑开始,探索高效的起点;帮助大脑释放能量, 为高效提供保障;启发创造力, 实现高效升级;运用大脑记忆力, 揭示高效的秘诀;提供大脑冥想, 找回最佳高效状态;释放大脑潜力,不断挖掘高效。本书将神经科学、行为心理学等领域的深刻见解转化为实用且易于学习的用脑技巧, 保证一看就会、拿来即用, 轻松实现脑力赋能!
●
相关链接 在E读中查询图书 在五车中查询图书 在当当中查询图书 在豆瓣中查询图书


正题名:脑力赋能     索取号:R338.2/370         预约/预借

序号 登录号 条形码 馆藏地/架位号 状态 备注
1 1328026   213280260   第二样本阅览室/ [索取号:R338.2/370] 在馆    
2 1328027   213280279   教育系资料室/ [索取号:R338.2/370] 在馆    
3 1328028   213280288   教育系资料室/ [索取号:R338.2/370] 在馆    
4 1328029   213280297   第三借阅区/ [索取号:R338.2/370] 在馆    
5 1328030   213280304   第三借阅区/ [索取号:R338.2/370] 在馆    
6 1402730   214027300   第三借阅区/ [索取号:R338.2/370] 在馆    
7 1402731   214027319   第三借阅区/ [索取号:R338.2/370] 在馆    
8 1402732   214027328   第三借阅区/ [索取号:R338.2/370] 在馆    
9 1402733   214027337   第三借阅区/ [索取号:R338.2/370] 在馆    
唐山师范学院图书馆 欢迎您!
大连网信软件有限公司© 版权所有